000 01031nam a2200277Ia 4500
003 OSt
005 20220923211028.0
006 a|||||r|||| 00| 0
007 ta
008 220922b |||||||| |||| 00| 0 hin d
020 _a8170822640 (hbk)
_c175
024 _a325,414
037 _b401, 13/03/2018, Eastern Book Linkers
_cTextual
040 _aARTS
_cARTS
_bhin
041 _2hin
_ahin
082 _aO152,3N253,PR, N8
100 _aउपाध्याय, विश्वम्भरनाथ, ले.
_9157335
245 0 _aप्रतिरोध
246 _aPratirodha
260 _aदिल्ली
_b राजपाल एण्ड सन्ज़
_c1998
300 _a271पृ.
_ccm.
650 _a हिन्दी साहित्य
_9156264
650 _aहिन्दी कहानी
942 _hO152,3N253,PR, N8
_cTEXL
_2CC
999 _c294165
_d294165